| 000 | 00457nam a2200181Ia 4500 | ||
|---|---|---|---|
| 005 | 20240823060604.0 | ||
| 008 | 240823s9999||||xx |||||||||||||| ||und|| | ||
| 041 | _aENGLISH | ||
| 082 | _A629.8312 Q2 | ||
| 100 | _aGopal M | ||
| 245 | 0 | _aControl Systems : Principles and Design | |
| 250 | _a4th | ||
| 260 |
_c2012 _bMcGraw Hill Education Private Li |
||
| 500 | _aTRANSFERED | ||
| 650 |
_aControl System _bElectronics |
||
| 942 | _cBK | ||
| 999 |
_c231496 _d231496 |
||